000 01601 a2200301 4500
003 Nust
005 20230217124016.0
010 _a 2004478693
020 _a0863413633
035 _a(OCoLC)ocm56539396
040 _cNust
082 0 4 _a519.5,RAO
100 1 _aRaol, J. R.
_9109219
245 1 0 _aModelling and parameter estimation of dynamic systems /
_cJ.R. Raol, G. Girija, and J. Singh.
260 _aLondon :
_bInstitution of Electrical Engineers,
_cc2004.
300 _axiv, 388 p. :
_bill. ;
_c25 cm.
440 0 _aIEE control engineering series ;
_v65
505 _aIntroduction (Page-1), Least Squares Methods (Page-13), Output Error Methods (Page-37), Filtering Methods (Page-65), Filter error Methods (Page-105), Determination of Model order Structure (Page-123), Estimation before Modeling Approach (Page-149), Approach Based on the Concepts of Model Error (Page-165), Parameters Estimation Approaches for Unstable Augmented Systems (Page-185), Parameters Estimation using Artificial Neural Networks and Genetic Algorithms (Page-233), Real- Time Parameters Estimation (Page-283).
650 0 _aMathematical models.
_93646
650 0 _aParameter estimation.
_939511
650 0 _aSystems engineering
_xMathematical models.
700 1 _aGirija, G.
_d1954-
_9109220
700 1 _aSingh, J.,
_9109221
710 2 _aInstitution of Electrical Engineers.
856 4 2 _3Publisher description
_uhttp://www.loc.gov/catdir/enhancements/fy0631/2004478693-d.html
856 4 2 _3Table of contents only
_uhttp://www.loc.gov/catdir/enhancements/fy0631/2004478693-t.html
942 _cREF
_2ddc
999 _c175400
_d175400